000 01485nam a2200241 4500
001 0000010908
005 20250329165434.0
008 180709s2018 000 0 eng d
040 _aCO-CtgCURN
_bspa
_ccoctgcurn
082 0 _aENF 2018
_bD696
100 1 _aDoria Marrugo, Glenda Marcela.
245 1 0 _aConocimientos y practicas sobre cuidados post-vacunales por parte de madres adolescentes con hijos menores de 5 años en el barrio olaya herrera sector central, cartagena (Bolívar), 2018 /
_cGlenda Marcela Doria Marrugo; Yenny Judith López López; Arneidys Del Carmen López Borrero; María Paula Solano Suarez.
260 _aCartagena de Indias :
_bCorporación Universitaria Rafael Núñez,
_c2018.
504 _aTrabajo de grado (Enfermeria). Corporación Universitaria Rafael Nuñez. Facultad de la Salud. Enfermeria, 2018.
520 _aLas atenciones y cuidados que las madres proporcionen al niño menor de 5 años luego de ser vacunado, resultan prioritarios para su salud.
650 0 _aEnfermeria
_vTesis y disertaciones academicas.
700 1 _aLópez López, Yenny Judith.
700 1 _aLópez Borrero, Arneidys Del Carmen.
700 1 _aSolano Suarez, María Paula.
856 _uhttps://unicurn.sharepoint.com/:b:/s/biblioteca/ERlEnEJjbqhHmlxo6Avs0DcBHlPodASpdy3PlZdGXW4mNw?e=UydVoV
_zClick aqui para ver el recurso en texto completo
942 _2ddc
_cTG
_hENF 2018
_iD696
999 _c3999
_d3999